Priority ekonomickej integrácie Ukrajiny na priestoroch SNŠ

Integračné snahy Ukrajiny a zapojenie sa do systému regulovania medzinárodných vzťahov. Strategický význam spolupráce v rámci SNŠ. Rozčlenenie hospodárskeho priestoru SNŠ. Charakteristika hospodárskej spolupráce Ukrajiny s niektorými štátmi SNŠ. Dynamika zahraničného obchodu Ukrajiny (2001-2006). Di...

Descrizione completa

Salvato in:
Dettagli Bibliografici
Autore principale: Oleksik, Ivan
Natura: Capitolo di libro
Lingua:slovacco
Soggetti:
Tags: Aggiungi Tag
Nessun Tag, puoi essere il primo ad aggiungerne!!

MARC

LEADER 00000nla$a2200000$$$4500
001 0100241
005 20240502072111.1
041 0 |a slo 
044 |a SK 
245 1 0 |a Priority ekonomickej integrácie Ukrajiny na priestoroch SNŠ  |c Ivan Oleksik 
520 |a Integračné snahy Ukrajiny a zapojenie sa do systému regulovania medzinárodných vzťahov. Strategický význam spolupráce v rámci SNŠ. Rozčlenenie hospodárskeho priestoru SNŠ. Charakteristika hospodárskej spolupráce Ukrajiny s niektorými štátmi SNŠ. Dynamika zahraničného obchodu Ukrajiny (2001-2006). Diferenciácia ukazovateľov na jedného obyvateľa v štátoch SNŠ v r. 2005. 
610 2 0 |a integrácia ekonomická medzinárodná 
610 2 0 |a spolupráca medzinárodná 
610 2 0 |a obchod zahraničný 
610 2 0 |a tovar 
610 2 0 |a služby 
610 2 0 |a energetika 
610 2 0 |a ukazovatele ekonomické 
610 2 0 |a organizácie medzinárodné 
610 2 0 |a Ukrajina 
100 1 |a Oleksik, Ivan